000 00690nam a2200253Ia 4500
003 OSt
005 20221006152722.0
006 a|||||r|||| 00| 0
007 ta
008 221006b |||||||| |||| 00| 0 eng d
020 _cP19.99
024 _a29,388
037 _b629, 20/01/2005, Knowledge World
_cTextual
040 _aEASL
_cEASL
_beng
041 _2eng
_aeng
082 _aW691.41.N99, P3
100 _aCHAN Adrian
_9146780
245 0 _aChinese marxism
260 _aLondon
_bContinuum
300 _a218p.
_ccm.
490 _v CEL
942 _hW691.41.N99, P3
_cTEXL
_2CC
999 _c1097474
_d1097474